manual in badminton (Record no. 3521)

MARC details
000 -LEADER
fixed length control field 00326nam a22001337a 4500
003 - CONTROL NUMBER IDENTIFIER
control field URS
005 - DATE AND TIME OF LATEST TRANSACTION
control field 20220114142533.0
008 - FIXED-LENGTH DATA ELEMENTS--GENERAL INFORMATION
fixed length control field 190722s ph a|||| |||| 00| 0 eng d
040 ## - CATALOGING SOURCE
Language of cataloging eng
Transcribing agency URS
Modifying agency rda
050 14 - LIBRARY OF CONGRESS CALL NUMBER
Classification number GV 1007
Item number .M2941
245 00 - TITLE STATEMENT
Title manual in badminton
300 ## - PHYSICAL DESCRIPTION
Extent 65 pages
Other physical details with illustrations
Dimensions 25 cm
942 ## - ADDED ENTRY ELEMENTS (KOHA)
Source of classification or shelving scheme Library of Congress Classification
Koha item type Reference
Holdings
Withdrawn status Source of classification or shelving scheme Damaged status Not for loan Collection code Home library Current library Shelving location Date acquired Total Checkouts Full call number Barcode Date last seen Price effective from Koha item type
  Library of Congress Classification     Non-fiction Cainta College Library Cainta College Library On Display 07/22/2019   GV 1007.M2941 URSCAI-212 11/04/2016 11/04/2016 Reference

University of Rizal System
Email us at univlibservices@urs.edu.ph

Visit our Website www.urs.edu.ph/library